Music Quiz

Random Music or Lyrics Quiz

Small Red Boy by AJJ Lyrics (part 1) Quiz Stats

 Plays Quiz not verified by Sporcle

Challenge
Share
Tweet
Embed
Score 0/296 Timer 10:00
0 Plays Today
hint lyric % Correct
small
94.7%
red
94.7%
boy
94.7%
my
94.7%
my
94.7%
my
94.7%
my
94.7%
my
94.7%
in
89.5%
in
89.5%
to
89.5%
him
89.5%
him
89.5%
him
89.5%
him
89.5%
him
89.5%
in
89.5%
him
89.5%
in
89.5%
in
89.5%
him
89.5%
to
89.5%
in
89.5%
in
89.5%
in
89.5%
i
84.2%
tummy
84.2%
and
84.2%
i
84.2%
and
84.2%
and
84.2%
and
84.2%
and
84.2%
he
84.2%
i
84.2%
i
84.2%
i
84.2%
i
84.2%
the
84.2%
i
84.2%
and
84.2%
he
84.2%
i
84.2%
the
84.2%
i
84.2%
and
84.2%
and
84.2%
the
84.2%
i
84.2%
so
84.2%
and
84.2%
i
84.2%
i
84.2%
the
84.2%
i
84.2%
he
84.2%
he
84.2%
i
84.2%
i
84.2%
i
84.2%
i
84.2%
the
84.2%
i
84.2%
i
84.2%
i
84.2%
i
84.2%
the
84.2%
and
84.2%
an
84.2%
and
84.2%
the
84.2%
an
84.2%
and
84.2%
i
84.2%
i
84.2%
the
84.2%
i
84.2%
i
84.2%
the
84.2%
i
84.2%
i
84.2%
the
84.2%
the
84.2%
and
84.2%
i
84.2%
i
84.2%
the
84.2%
found
78.9%
a
78.9%
inside
78.9%
a
78.9%
way
78.9%
that
78.9%
of
78.9%
way
78.9%
that
78.9%
am
78.9%
am
78.9%
am
78.9%
hint lyric % Correct
am
78.9%
me
78.9%
that
78.9%
a
78.9%
that
78.9%
of
78.9%
that
78.9%
a
78.9%
that
78.9%
am
78.9%
am
78.9%
am
78.9%
am
78.9%
am
78.9%
am
78.9%
am
78.9%
am
78.9%
a
78.9%
a
78.9%
a
78.9%
of
78.9%
that
78.9%
me
78.9%
a
78.9%
a
78.9%
that
78.9%
of
78.9%
of
78.9%
of
78.9%
of
78.9%
of
78.9%
of
78.9%
of
78.9%
with
73.7%
three
73.7%
milky
73.7%
more
73.7%
with
73.7%
out
73.7%
on
73.7%
was
73.7%
said
73.7%
truth
73.7%
with
73.7%
was
73.7%
was
73.7%
on
73.7%
was
73.7%
said
73.7%
truth
73.7%
truth
73.7%
with
73.7%
out
73.7%
dollars
68.4%
change
68.4%
lite
68.4%
his
68.4%
his
68.4%
his
68.4%
then
68.4%
opened
68.4%
up
68.4%
eyes
68.4%
one
68.4%
day
68.4%
showed
68.4%
all
68.4%
up
68.4%
his
68.4%
eyes
68.4%
all
68.4%
his
68.4%
his
68.4%
his
68.4%
all
68.4%
all
68.4%
all
68.4%
pursuit
63.2%
find
63.2%
something
63.2%
meaningful
63.2%
yet
63.2%
another
63.2%
word
63.2%
rhymes
63.2%
die
63.2%
cut
63.2%
put
63.2%
table
63.2%
shirt
63.2%
too
63.2%
big
63.2%
for
63.2%
those
63.2%
showered
63.2%
love
63.2%
just
63.2%
as
63.2%
tall
63.2%
hint lyric % Correct
as
63.2%
books
63.2%
raised
63.2%
could
63.2%
heart
63.2%
raised
63.2%
occasional
57.9%
would
57.9%
horns
57.9%
warm
57.9%
hitler
57.9%
proud
57.9%
oh
57.9%
began
57.9%
speak
57.9%
door
57.9%
than
52.6%
fall
52.6%
south
52.6%
heaven
52.6%
were
52.6%
long
52.6%
mythologies
52.6%
motherly
52.6%
swore
52.6%
language
52.6%
taught
52.6%
god
52.6%
became
52.6%
beacon
52.6%
projector
52.6%
picture
52.6%
became
52.6%
uvula
52.6%
knocker
52.6%
throat
52.6%
became
52.6%
hallway
52.6%
became
52.6%
shallow
47.4%
breathing
47.4%
chest
47.4%
rise
47.4%
sharp
47.4%
adulation
47.4%
madeline
47.4%
glancing
47.4%
mirror
47.4%
when
47.4%
lcd
47.4%
broadcasting
47.4%
clear
47.4%
vivid
47.4%
wooden
47.4%
when
47.4%
when
47.4%
when
47.4%
memories
42.1%
tongue
42.1%
ornate
42.1%
led
42.1%
into
42.1%
baby
42.1%
into
42.1%
your
36.8%
staircase
36.8%
straight
36.8%
future
36.8%
thousand
36.8%
pictures
36.8%
forgiveness
36.8%
transformed
36.8%
closure
36.8%
lost
36.8%
lost
36.8%
it
36.8%
lost
36.8%
it
36.8%
learned
31.6%
about
31.6%
tragedy
31.6%
us
31.6%
learned
31.6%
about
31.6%
tragedy
31.6%
us
31.6%
illness
31.6%
loved
31.6%
ones
31.6%
us
31.6%
learned
31.6%
about
31.6%
tragedy
31.6%
(it won't let me fit all of them, after this go to part 2 to finish the song!)us
31.6%
montague
26.3%
incorrigible
21.1%
l'engle's
15.8%
d'aulaire's
10.5%

You're not logged in!

Compare scores with friends on all Sporcle quizzes.
OR
Log In

You Might Also Like...

Show Comments

Extras

Created Jun 4, 2017ReportNominate
Tags:Lyrics Quiz, folk, indie, punk

Top Quizzes Today


Score Distribution

Your Account Isn't Verified!

In order to create a playlist on Sporcle, you need to verify the email address you used during registration. Go to your Sporcle Settings to finish the process.

Report this User

Report this user for behavior that violates our Community Guidelines.

Details: